| 000 | 00350nam a22001337a 4500 | ||
|---|---|---|---|
| 008 | 250306b |||||||| |||| 00| 0 eng d | ||
| 020 | _a9789785773903 | ||
| 050 |
_aHD 3861 _b.A46 |
||
| 100 | _aBola Afolabi | ||
| 245 | _aManagement Contracts in the Supply Chain | ||
| 260 |
_aLagos State _bKing Publishing House _c2020 |
||
| 300 | _a248p. | ||
| 942 | _cBK | ||
| 999 |
_c2124 _d2124 |
||